Сборник задач, экономических игр и ситуаций по дисциплине "Экономика предприятия". Ч. 1 (Запись № 7176479)

Подробности
000 -МАРКЕР
контрольное поле 02202nam2a22002531 4500
001 - ИДЕНТИФИКАТОР ЗАПИСИ
контрольное поле rc\72435
005 - ИДЕНТИФИКАТОР ВЕРСИИ
контрольное поле 20250620193804.0
010 ## - МЕЖДУНАРОДНЫЙ СТАНДАРТНЫЙ НОМЕР КНИГИ (ISBN)
Номер (ISBN) 5-215-00361-0
Тираж 100
035 ## - ДРУГИЕ СИСТЕМНЫЕ НОМЕРА
Идентификатор записи (NLR Aleph) 005389756
100 ## - ДАННЫЕ ОБЩЕЙ ОБРАБОТКИ
Данные общей обработки 20021216d1997 |||y0rusy50 ca
101 0# - ЯЗЫК РЕСУРСА
Язык текста, звукозаписи и т.д. русский
102 ## - СТРАНА ПУБЛИКАЦИИ ИЛИ ПРОИЗВОДСТВА
Страна публикации Российская Федерация
105 ## - ПОЛЕ КОДИРОВАННЫХ ДАННЫХ: ТЕКСТОВЫЕ МАТЕРИАЛЫ, МОНОГРАФИЧЕСКИЕ
Кодированные данные о монографическом текстовом документе y |||||||||
200 0# - ЗАГЛАВИЕ И СВЕДЕНИЯ ОБ ОТВЕТСТВЕННОСТИ
Основное заглавие Ч. 1
210 ## - ПУБЛИКАЦИЯ, РАСПРОСТРАНЕНИЕ И ДР.
Дата издания, распространения и т.д. 1997
Место издания, распространения и т.д. Б. м.
215 ## - ФИЗИЧЕСКАЯ ХАРАКТЕРИСТИКА
Специфическое обозначение материала и объем 41 с.
320 ## - ПРИМЕЧАНИЯ О НАЛИЧИИ В ДОКУМЕНТЕ БИБЛИОГРАФИИ / УКАЗАТЕЛЯ
Текст примечания Библиогр.: с. 40
461 #0 - УРОВЕНЬ НАБОРА
Встроенное поле 001rc\72434
-- 2001#$aСборник задач, экономических игр и ситуаций по дисциплине "Экономика предприятия"$eДля студентов спец. "Менеджмент" 061100 специализаций "Произв. менеджмент в машиностроении" - 061101, "Инновац. менеджмент" - 061112, "Упр. персоналом" - 061111$fМ-во общ. и проф. образования Рос. Федерации. Гос. акад. упр. им. Серго Орджоникидзе, Ин-т упр. в машиностроит. пром-сти. Каф. произв. менеджмента в машиностроении$g[Сост. д. э. н., проф. Р.З. Акбердин, к. э. н., доц. Э.Л. Лавриненко$gОтв. ред. проф. Ю.Д. Турусин]$vЧ. 1
Системный номер (АБИС) связанной записи 7176473
Место публикации М.
Дата публикации 1997
Первые сведения об ответственности М-во общ. и проф. образования Рос. Федерации. Гос. акад. упр. им. Серго Орджоникидзе, Ин-т упр. в машиностроит. пром-сти. Каф. произв. менеджмента в машиностроении
Имя издателя, распространителя и т.д. ГАУ
Сведения, относящиеся к заглавию Для студентов спец. "Менеджмент" 061100 специализаций "Произв. менеджмент в машиностроении" - 061101, "Инновац. менеджмент" - 061112, "Упр. персоналом" - 061111
Заглавие Сборник задач, экономических игр и ситуаций по дисциплине "Экономика предприятия"
Номер тома Ч. 1
801 #0 - ИСТОЧНИК ЗАПИСИ
Страна Российская Федерация
Организация NLR
Правила каталогизации psbo
801 #1 - ИСТОЧНИК ЗАПИСИ
Страна Российская Федерация
Организация ELAR
Источник данных rusmarc
852 ## - МЕСТОНАХОЖДЕНИЕ И ШИФР ХРАНЕНИЯ
Идентификатор организации NLR
Шифр хранения (Call Number) 97-4/14450
942 ## - ДОПОЛНИТЕЛЬНЫЕ ЭЛЕМЕНТЫ ЗАПИСИ (АБИС)
Тип экземпляра АБИС Книга
980 ## - КОЛЛЕКЦИЯ
Название коллекции Национальная библиография
Экземпляры
Тип экземпляра Дата поступления Библиотека постоянного хранения Библиотека текущего хранения Место хранения Шифр хранения Штрих-код Статус экземпляра
Книга 26.10.2013 РНБ (Московский) РНБ (Московский) Русский книжный фонд: издания с 1957 года 97-4/14450 5389756-10